New poets of England and America: second section
Gespeichert in:
| Hauptverfasser: | , |
|---|---|
| Format: | Buch |
| Sprache: | Englisch |
| Veröffentlicht: |
Nueva York
New American Library
1962
|
| Schriftenreihe: | Meridian Book
|
| Schlagworte: | |
| Tags: |
Tag hinzufügen
Keine Tags, Fügen Sie den ersten Tag hinzu!
|
MARC
| LEADER | 00000nam a2200000 a 4500 | ||
|---|---|---|---|
| 001 | UCQ3742 | ||
| 003 | CL-VaPUC | ||
| 008 | 980828e19620000US |||||||||||||||||eng|d | ||
| 082 | 0 | 4 | |a 808.81 |b HAL |2 21 |
| 100 | 0 | |a Hall, Donald |e author |9 417988 | |
| 700 | 0 | |a Pack, Robert |e author |9 417989 | |
| 245 | 1 | 0 | |a New poets of England and America: second section |
| 300 | |a 384 p | ||
| 942 | |c BK | ||
| 945 | |d 19980828 00:00:00 |a crobeson | ||
| 260 | |a Nueva York |b New American Library |c 1962 | ||
| 650 | 0 | |a Poesías inglesas |9 265094 | |
| 650 | 0 | |a Literatura inglesa |9 312907 | |
| 650 | 7 | |a POESIAS ESTADOUNIDENSES |2 CL-VaPUC |9 417990 | |
| 650 | 0 | |a Literatura estadounidense |9 317168 | |
| 650 | 0 | |a Antologías |9 309836 | |
| 583 | |a last modification |c 19980828 00:00:00 |k Rodrigo Vera | ||
| 490 | 0 | |a Meridian Book | |
| 999 | |c 274258 |d 274256 | ||
| 952 | |0 0 |1 0 |4 0 |6 808_810000000000000_HAL_1962 |7 0 |8 A |9 310390 |a BIBEDU |b BIBEDU |d 2019-11-20 |i 1457748 |o 808.81 HAL 1962 |p 1457748 |r 2019-11-20 |w 2019-11-20 |y BK |k LIT | ||